00876nam a2200205 a 450000100100000000500170001000800410002702000150006804000250008308200150010824500640012326000360018730000200022371000500024304900090029395201190030295201190042195201130054099900170065300003796620201002031138.0091209s2008 dr 000 0 spa d a9993423033 aDO-SdBNPbspacBNPHU axxxbR426a00aAnteproyecto de ley de partidos y agrupaciones políticas. aSanto Domingo :bCONARE,c2008. a46 p. ;c23 cm.2 aConsejo Nacional de Reforma del Estado910038 aBNPD 0010718DSaGRbGRcCTd2013-03-11iLF1l0oxxx R426ap37966-30r2020-06-25te. 3w2020-06-25yLFDSZNo se presta 0010718PDaPDbPDcCTd2013-03-11iLF1l0oxxx R426ap37966-10r2020-06-25te. 2w2020-06-25yLFPDZNo se presta 0010718PDaPDbPDcCTd2013-03-11iLF1l0oxxx R426ap37966-20r2020-06-25w2020-06-25yLFPDZNo se presta c37456d37456